000 00500nam a22001457a 4500
005 20260404134738.0
008 260404b |||||||| |||| 00| 0 eng d
050 _aRES HF 5437 .N93 2017
_bC. 1
100 _aNYANCHOKA, NICANOR
245 _aAN ASSESSMENT OF FACTORS AFFECTING SUPPLY CHAIN MANAGEMENT ON ORGANIZATIONAL PERFORMANCE:
_bA CASE STUDY OF OGEMBO TEA FACTORY - KISII COUNTY
260 _aKISII
_bKSU
_c2017
300 _aiX, 27P.,ILL;
500 _aINCLUDES REFERENCES
942 _2lcc
_cREF
999 _c216923
_d216923